|
|
|
|
| LEADER |
01170nam a2200277 a 4500 |
| 001 |
13812735 |
| 008 |
120313r20112005nyu 000 0 eng |
| 010 |
|
|
|a 2004062859
|
| 020 |
|
|
|a 9780521547413
|
| 020 |
|
|
|a 0521547415 (pb.)
|
| 040 |
|
|
|a DLC
|c DLC
|d DLC
|d BD-DhAAL
|
| 050 |
0 |
0 |
|a PE1115
|b .E46 2005
|
| 082 |
0 |
0 |
|a 808/.06665
|2 22
|
| 100 |
1 |
|
|a Emmerson, Paul,
|c MSc
|
| 245 |
1 |
0 |
|a Five-minute activities for Business English /
|c Paul Emmerson and Nick Hamilton.
|
| 260 |
|
|
|a New York :
|b Cambridge University Press,
|c 2005 [printing 2011].
|
| 300 |
|
|
|a xii, 112 p. ;
|c 23 cm.
|
| 490 |
0 |
|
|a Cambridge handbooks for language teachers
|
| 541 |
|
|
|e 00024701
|
| 650 |
|
0 |
|a English language
|x Business English
|v Problems, exercises, etc.
|
| 650 |
|
0 |
|a English language
|x Business English
|x Study and teaching.
|
| 650 |
|
0 |
|a English language
|x Study and teaching
|x Foreign speakers.
|
| 700 |
1 |
|
|a Hamilton, Nick,
|d 1959-
|
| 852 |
1 |
|
|a Ayesha Abed Library
|c General shelf.
|
| 999 |
|
|
|c 11954
|d 11954
|
| 952 |
|
|
|0 0
|1 0
|2 ddc
|4 0
|6 808_066650000000000_EMM
|7 0
|9 19632
|a BRACUL
|b BRACUL
|c GEN
|d 2012-03-14
|e TRIM EDUCATION
|g 2080.00
|l 1
|m 5
|o 808.06665 EMM
|p 3010024701
|r 2014-08-08
|s 2014-07-18
|t 1
|w 2012-03-14
|y BK
|